000 01239nam a2200301 i 4500
003 IT-RoINE
005 20201113111638.0
008 941013s1980 sp rb 101 | spa d
020 _a8431306637
040 _aDLC
_cIT-RoINE
_dUPSA
_dIT-RoINE
111 2 _92931
_aSimposio internacional de teología
_n(2º.
_d1980.
_cPamplona, España)
245 1 0 _aCuestiones fundamentales sobre matrimonio y familia /
_cII Simposio Internacional de Teología de la Universidad de Navarra ; edición publicada bajo la dirección de Augusto Sarmiento ... [et al.]
260 _aPamplona :
_bEdiciones Universidad de Navarra,
_c1980.
300 _a968 p. ;
_c24 cm.
336 _2rdacontent
_atext
337 _2rdamedia
_aunmediated
338 _2rdacarrier
_avolume
490 1 0 _aColección teológica ;
_v27
500 _aIncluye índice.
504 _aIncluye bibliografía.
650 0 4 _aMatrimonio
_xAspecto religioso
_xIglesia Católica
_vCongresos
_92932
650 0 4 _aFamilia
_xVida religiosa
_vCongresos
_92933
650 4 _aSacramentos
_92830
700 1 _aSarmiento, Augusto,
_d1941-
_92934
710 2 _aUniversidad de Navarra (Pamplona, España)
_91074
830 0 _92208
_aColección teológica (Universidad de Navarra) ;
_v27
942 _cMTS
999 _c1520
_d1520